Synthesis of polymeric Membrenes of Oil water Separation / (Record no. 534644)

000 -LEADER
fixed length control field 00482nam a22001577a 4500
020 ## - INTERNATIONAL STANDARD BOOK NUMBER
Qualifying information Hard Cover.
082 ## - DEWEY DECIMAL CLASSIFICATION NUMBER
Classification number 660
100 ## - MAIN ENTRY--PERSONAL NAME
Personal name Mehmood, Tariq
245 ## - TITLE STATEMENT
Title Synthesis of polymeric Membrenes of Oil water Separation /
Statement of responsibility, etc. Tariq Mehmood.
260 ## - PUBLICATION, DISTRIBUTION, ETC.
Place of publication, distribution, etc. Islamabad:
Name of publisher, distributor, etc. SCME - NUST,
Date of publication, distribution, etc. 2015.
300 ## - PHYSICAL DESCRIPTION
Extent 63 p. :
Other physical details ill. ;
Dimensions 30cm.
942 ## - ADDED ENTRY ELEMENTS (KOHA)
Source of classification or shelving scheme
Koha item type Thesis
650 ## - SUBJECT ADDED ENTRY--TOPICAL TERM
Topical term or geographic name entry element MSCE - MS-Thesis.
700 ## - ADDED ENTRY--PERSONAL NAME
Personal name Dr. Arshad Hussain
650 ## - SUBJECT ADDED ENTRY--TOPICAL TERM
-- 28930
700 ## - ADDED ENTRY--PERSONAL NAME
-- 16435
Holdings
Withdrawn status Lost status Source of classification or shelving scheme Damaged status Not for loan Permanent Location Current Location Shelving location Date acquired Total Checkouts Full call number Barcode Date last seen Price effective from Koha item type
          Central Library (CL) Central Library (CL) Thesis 03/11/2020   660 CL-T-5340 03/11/2020 03/11/2020 Thesis
© 2023 Central Library, National University of Sciences and Technology. All Rights Reserved.